Vị trí, vai trò và cơ chế hoạt động của tổ chức thương mại thế giới trong hệ thống thương mại đa phương

Sách trình bày tổng quát cách nhìn toàn diện về hệ thống thương mại đa phương, xu hướng phát triển và nhũng thách thức cơ bản mà các quốc gia khi tham gia hệ thống này.

Gespeichert in:
Bibliographische Detailangaben
Körperschaft: Bộ Công Thương
Format: Buch
Sprache:Undetermined
Veröffentlicht: Hà Nội Lao động-Xã hội 2007
Schlagworte:
Tags: Tag hinzufügen
Keine Tags, Fügen Sie den ersten Tag hinzu!
Thư viện lưu trữ: Trung tâm Học liệu Trường Đại học Cần Thơ
LEADER 01082nam a2200193Ia 4500
001 CTU_152368
008 210402s9999 xx 000 0 und d
082 |a 382.92 
082 |b B450 
110 |a Bộ Công Thương 
245 0 |a Vị trí, vai trò và cơ chế hoạt động của tổ chức thương mại thế giới trong hệ thống thương mại đa phương 
245 0 |c Bộ Công thương, Uỷ ban Châu Âu 
260 |a Hà Nội 
260 |b Lao động-Xã hội 
260 |c 2007 
520 |a Sách trình bày tổng quát cách nhìn toàn diện về hệ thống thương mại đa phương, xu hướng phát triển và nhũng thách thức cơ bản mà các quốc gia khi tham gia hệ thống này. 
650 |a International economic relations,Quan hệ kinh tế quốc tế,World Trade Organization,Tổ chức thương mại quốc tếv (WTO) 
904 |i T.Dương 
980 |a Trung tâm Học liệu Trường Đại học Cần Thơ